L'individualité du sang en Biologie, en Clinique et en Medecine legale / (Record no. 89915)
[ view plain ]
| 000 -LEADER | |
|---|---|
| campo de control de longitud fija | 00508nam a2200157 i 4500 |
| 001 - NÚMERO DE CONTROL | |
| campo de control | 89915 |
| 003 - IDENTIFICADOR DE NÚMERO DE CONTROL | |
| campo de control | ES-MaACL |
| 007 - CAMPO FIJO DE DESCRIPCIÓN FÍSICA--INFORMACIÓN GENERAL | |
| campo de control de longitud fija | t| |
| 008 - DATOS DE LONGITUD FIJA--INFORMACIÓN GENERAL | |
| campo de control de longitud fija | 050117s1929 fr ||||1| fre d |
| 100 1# - ENTRADA PRINCIPAL--NOMBRE DE PERSONA | |
| Nombre de persona | Lattes, Leone. |
| 9 (RLIN) | 70565 |
| 245 12 - MENCIÓN DEL TÍTULO | |
| Título | L'individualité du sang en Biologie, en Clinique et en Medecine legale / |
| Mención de responsabilidad, etc. | Leone Lattes, préface du E. Jeanbrau. |
| 260 ## - PUBLICACIÓN, DISTRIBUCIÓN, ETC. | |
| Lugar de publicación, distribución, etc. | Paris : |
| Nombre del editor, distribuidor, etc. | [s.n.], |
| Fecha de publicación, distribución, etc. | 1929 ( |
| Lugar de fabricación/manufactura | Niort : |
| Fabricante | Th. Martin) |
| 300 ## - DESCRIPCIÓN FÍSICA | |
| Extensión | XI, 314 p. ; |
| Dimensiones | 23 c m. |
| 700 1# - ENTRADA AGREGADA--NOMBRE PERSONAL | |
| Nombre de persona | Jeanbrau, Emile. |
| 9 (RLIN) | 66239 |
| 852 ## - LOCALIZACIÓN | |
| Ubicación | ES-MaACL |
| Número de control de estantería | E-846 |
| Estatus retirado | Estado de pérdida | Estado de daño | No para préstamo | Biblioteca de origen | Biblioteca actual | Ubicación en estantería | Fecha de adquisición | Fuente de adquisición | Total de préstamos | Signatura topográfica completa | Código de barras | Visto por última vez | Precio de reemplazo | Tipo de ítem Koha |
|---|---|---|---|---|---|---|---|---|---|---|---|---|---|---|
| Biblioteca del Ateneo de Madrid | Biblioteca del Ateneo de Madrid | Depósito 2 | 17/01/2008 | E-846 | 1093899 | 23/02/2023 | 23/02/2023 | Libro impreso |
